000 01024nam a2200253 a 4500
001 83449
003 BD-RjUL
005 20240324101508.0
008 240324s1997 bg a|||| m||| 00| 0 eng d
035 _a(BD-RjUL)83449
040 _aBD-RjUL
_beng
_cBD-RjUL
_dBD-RjUL
041 _aeng
082 _223
_a530.41
_bSAS 1997
100 _aSarker, Md. Jaynul
_912490
245 1 0 _aA Stduy of Electrical and Oftical Properties of thin Cermet Films in the Dielectric Regime /
_cMd. Jaynul Sarker ;
_6Supervisor : Azizar Rahman Sarker, Co-Supervisor : Sayeedur Rahman Khan
260 _aRajshahi :
_bApplied Phy. and Electronics, University of Rajshahi,
_c1997
300 _a4, 142 Leaves :
_bill, ;
_c29 cm.
502 _aThesis (M. Phil.) -- Applied Phy. and Electronics, University of Rajshahi, 1997
504 _aReferences : Leaves 124-142
650 _aPhysis
_vSolid Sate Physis
_912491
700 _aSarker, Azizar Rahman, Supervisor
_912492
700 _aKhan, Sayeedur Rahman, Co-Supervisor
_912493
942 _2ddc
_cTHE
999 _c83449
_d83449